| 000 | 00000nas 2200000za 4500 |
| 001 | 9.507047 |
| 003 | CaOODSP |
| 005 | 20221107133727 |
| 007 | cr ||||||||||| |
| 008 | 150406d19941999oncar pso||||f0 a0eng|d |
| 022 | |a1489-5064 |
| 040 | |aCaOODSP|beng |
| 043 | |an-cn--- |
| 086 | 1 |aF1-27E-pdf |
| 110 | 1 |aCanada. |bDepartment of Finance. |
| 210 | 0 |aGov. Can. tax expend. |b(Online) |
| 222 | 0|aGovernment of Canada tax expenditures |b(Online) |
| 240 | 10|aGovernment of Canada tax expenditures (Online) |
| 245 | 10|aGovernment of Canada tax expenditures |h[electronic resource]. |
| 246 | 10|aTax expenditure |
| 260 | |aOttawa : |bDept. of Finance Canada, |c[1994-1999?]. |
| 310 | |aAnnual |
| 362 | 1 |a1994-1999 |
| 500 | |aIssued also in French under title: Gouvernement du Canada, dépenses fiscales. |
| 500 | |aDigitized edition (1994) from print [produced by Finance Canada]. |
| 690 | 07|aExpenditures|2gcpds |
| 690 | 07|aIncome tax|2gcpds |
| 690 | 07|aCorporate income tax|2gcpds |
| 690 | 07|aGoods and services tax|2gcpds |
| 690 | 07|aPersonal income tax|2gcpds |
| 775 | 08|tGouvernement du Canada, dépenses fiscales |w(CaOODSP)9.503438 |
| 785 | 00|tTax expenditures and evaluations |w(CaOODSP)9.505822 |